Queer è ora : essere senza confini.

Na minha lista:
Detalhes bibliográficos
Autor Corporativo: Queer è ora
Formato: Livro
Idioma:Língua italiana
Publicado em: Lecce : Big Sur, 2023
Tags: Adicionar Tag
Sem tags, seja o primeiro a adicionar uma tag!

MARC

LEADER 00000nam a22000007i 4500
001 IT\ICCU\PUG\0013638
003 ItRI
005 20260115232159.0
008 230920s2023 it |||||| ||||| |||||c
020 |a 9788894415902 
040 |b ita  |c importazione bologna sebina 
041 7 |a ita  |2 ISO-639-2 
245 0 0 |a Queer è ora :  |b essere senza confini. 
260 |a Lecce :  |b Big Sur,  |c 2023 
300 |a 123 p. :  |b ill. ;  |c 24 cm 
500 |a Catalogo a cura del Collettivo Queer è Ora 
710 2 |a Queer è ora  |0 IT\ICCU\UBOV\152846 
942 |2 ddc  |c BK  |n 0 
952 |0 0  |1 0  |4 0  |6 DOC_770_922000000000000_QUE  |7 0  |9 21513  |a BO  |b BO  |d 2026-01-15  |i 20489  |l 0  |o DOC 770.922 QUE  |p BO20489  |r 2026-01-15 23:21:59  |w 2026-01-15  |x [Sebina 5] [1 v.]  |y BK  |z 1 v. 
952 |0 0  |1 0  |4 0  |6 DOC_770_922000000000000_QUE  |7 0  |9 21514  |a BO  |b BO  |d 2026-01-15  |i 20490  |l 0  |o DOC 770.922 QUE  |p BO20490  |r 2026-01-15 23:21:59  |w 2026-01-15  |x [Sebina 7] [1 v.]  |y BK  |z 1 v. (2. copia) 
999 |c 18370  |d 18370